000
00274nam a2200097Ia 4500
082
_a
344.01252 NGAL
245
0
_a
Five little ducks and other action rhymes
100
_a
NEWCOME, Zita London, 2009
_9
70934
942
_c
BK
008
210817s9999 xx 000 0 und d
999
_c
285068
_d
285067